000 00528nam a22000977a 4500
008 170121b xxu||||| |||| 00| 0 eng d
100 _aWarmsley, Arthur J.
245 _aConnecticut post offices and postmarks
260 _aHartford, CN
_bThe Author (Hartford, Conn.
_c1977
650 _aUnited States | Connecticut | Postal History | Postal Service Postal Markings | Fancy Cancels | Post Offices | Post Offices, Discontinued | Postal Officials | Railway Mail | Maritime Mail Shipping Companies and Packet Service | Transportation of Mail
999 _c2208
_d2208